000 00576nam a22002057a 4500
005 20251108173503.0
008 250721s9999 xx 000 0 ara d
082 1 4 _aط/218.2/عرا
100 1 _aعرابي، أحمد حسن
245 1 0 _aاحذر الظلم /
264 1 _aالقاهرة :
_bأطفالنا،
300 _a32ص.
490 0 _aاحذر : اطفالنا
650 1 7 _aالفضائل
650 1 7 _aالآداب الإسلامية
653 _aالظلم
653 _aناشئون كبار (15-18سنة )
942 _2ddc
_cBK
999 _c105035
_d105035